| 000 | 00972nam a22003137a 4500 | ||
|---|---|---|---|
| 003 | CHAP | ||
| 005 | 20220329133913.0 | ||
| 008 | 971013s1963 r 00010 d | ||
| 010 | _a12496 | ||
| 011 | _a13468 | ||
| 035 | _a17540 | ||
| 040 | _cCHAP | ||
| 082 |
_a517.7 _bC3 1963 |
||
| 100 | 0 | 0 |
_aCarslaw, H. S. _919595 |
| 245 | _aOperational methods in applied mathematics | ||
| 250 | _a3 ed. | ||
| 260 |
_aNew York : _bDover, _c1963 |
||
| 300 | _a359 p. | ||
| 490 | _aDover books on intermediate and advanced mathematics | ||
| 590 |
_aBATCH-UPD _b10 _c20130110 _lUCH01 _h0221 |
||
| 590 |
_aBATCH-UPD _b10 _c20130110 _lUCH01 _h2138 |
||
| 590 |
_aCONVERSION _b10 _c20130109 _lUCH01 _h1308 |
||
| 650 | 1 | 4 |
_aTransformaciones de Laplace. _9114622 |
| 700 | 0 |
_aJaeger, J. C. _960890 |
|
| 830 | 0 |
_aDover books on intermediate and advanced mathematics _934101 |
|
| 901 | _aBK | ||
| 942 | _cLIBRO | ||
| 949 |
_a517.7 C3 1963 _bBC _cLIBRO _d33724000381984 _eLIBRO _h28210 _i17540 _si |
||
| 999 |
_c12496 _d12496 |
||